El derecho a la intimidad de las personas reclusas
Wedi'i Gadw mewn:
| Prif Awdur: | |
|---|---|
| Fformat: | Llyfr |
| Iaith: | Sbaeneg |
| Cyhoeddwyd: |
Madrid
Ministerio del Interior
2016
|
| Rhifyn: | 1a. ed |
| Cyfres: | Colección Premios Victoria Kent
|
| Pynciau: | |
| Tagiau: |
Ychwanegu Tag
Dim Tagiau, Byddwch y cyntaf i dagio'r cofnod hwn!
|
MARC
| LEADER | 00000cam a2200000 a 4500 | ||
|---|---|---|---|
| 001 | UCC9070 | ||
| 003 | CL-VaPUC | ||
| 008 | 190904e20160000sp |||||||||||||||||spa|d | ||
| 020 | |a 9788481503197 | ||
| 082 | 0 | 4 | |a 347.05 |b DIE |2 21 |
| 100 | 0 | |a Diego Arias, Juan Luis de |e author |9 603869 | |
| 245 | 1 | 3 | |a El derecho a la intimidad de las personas reclusas |
| 250 | |a 1a. ed | ||
| 300 | |a 355 p | ||
| 942 | |c BK | ||
| 945 | |d 20190904 15:40:00 |a dcastane | ||
| 260 | |a Madrid |b Ministerio del Interior |c 2016 | ||
| 650 | 0 | |a Derecho procesal penal |9 256392 | |
| 650 | 7 | |a IMPUTADOS |2 CL-VaPUC |9 534381 | |
| 650 | 7 | |a REOS |2 CL-VaPUC |9 371910 | |
| 583 | |a last modification |c 20190904 15:40:00 |k Rodrigo Vera | ||
| 490 | 0 | |a Colección Premios Victoria Kent | |
| 999 | |c 375264 |d 375262 | ||
| 952 | |0 0 |1 0 |3 erb |4 0 |6 347_050000000000000_DIE_2016 |7 0 |8 WP_COW |9 561210 |a BIBDER |b BIBDER |e Fundación W and P Cowley |i 5598346 |o 347.05 DIE 2016 |p 5598346 |r 2023-01-25 |w 2020-03-12 |y BK |z Catalogado en:20190904 |k WPC | ||
| 952 | |0 0 |1 0 |3 erb |4 0 |6 347_050000000000000_DIE_2016 |7 0 |8 WP_COW |9 561211 |a BIBDER |b BIBDER |e Fundación W and P Cowley |i 5605326 |o 347.05 DIE 2016 |p 5605326 |r 2023-01-25 |w 2020-03-12 |y BK |z Catalogado en:20191004 |k WPC | ||